00674nam a2200193 a 4500008004100000020001500041050001700056100001500073245016100088260002700249300002200276350000900298500005500307650003200362650001500394650003400409700001700443700002000460081128s2006 ||||||||||||||||| || u a0080451578 aTJ 212.5 Int aPham, D. T10aIntelligent production machines and systems: 2nd I*PROMS virtual international conference 3-14 July 2006cedited by D. T. Pham; E. E. Eldukhri; A. J. Soroka aOxfordbElsevierc2006 axxii, 662p.: ill. a0.00 aAccompanie with a CD-ROM, available in the Crybray aCAD/CAM SYSTEMS--CONGRESSES aPRODUCTION aAUTOMATIC CONTROL--CONGRESSES aSoroka, A. J aEldukhari, E. E